[Event "Mondariz zt 1.1"]
[Site "Mondariz"]
[Date "2000.09.14"]
[Round "11"]
[White "Miles, Anthony John"]
[Black "Comas Fabrego, Luis"]
[Result "1/2-1/2"]
[WhiteElo "2584"]
[BlackElo "2516"]
[Annotator "Tsesarsky,I"]
[PlyCount "167"]
[EventDate "2000.09.03"]
[EventType "swiss"]
[EventRounds "11"]
[EventCountry "ESP"]
[SourceTitle "CBM 079"]
[Source "ChessBase"]
[SourceDate "2000.11.21"]
[SourceVersion "1"]
[SourceVersionDate "2000.11.21"]
[SourceQuality "1"]

1. d4 Nf6 2. Bg5 d6 3. Bxf6 $5 {White changes his B for N ,but Black will play
with doubled PP f.} exf6 4. e3 g6 5. c4 f5 (5... Bg7 6. Nc3 O-O 7. Bd3 (7. g3
Bd7 8. Bg2 Bc6 9. Nd5 Nd7 10. Ne2 Nb6 $132 {1/2-1/2 Nikolaidis,I-Saltaev,M/
Aegina 1994/TD (34)}) 7... f5 8. Nge2 c5 9. O-O Nc6 10. dxc5 dxc5 11. Nf4 a6
12. Be2 Qa5 13. Qb3 Rb8 14. Rfd1 Re8 $132 {1-0 Lputian,S-Ehlvest,J/Lvov 1984/
URS-ch (55)}) 6. g3 Nd7 7. Nc3 Bg7 8. Bg2 O-O 9. Nge2 Nf6 ({I would prefer} 
9... c5 $132 {to stop virtual white PP promotion on the queenside.}) 10. O-O
$146 (10. b4 $5 c6 11. O-O Bd7 12. Rb1 Re8 13. Qd3 Rc8 14. b5 $14 {1/2-1/2
Kosic,D-Gligoric,S/Novi Sad 1995/CBM 49 (42)}) 10... h5 11. b4 h4 12. b5 Re8
13. Qd3 hxg3 14. hxg3 Rb8 15. Rab1 {-like in the Kosic-Gligoric.} Ng4 $6 {
Black plays without plan} (15... Qe7 $132 {[%cal Gf6e4]}) 16. Rb3 Bd7 17. Nd5
c6 18. bxc6 bxc6 19. Rxb8 Qxb8 20. Rb1 Qc8 21. Ndc3 Qc7 22. Rb3 Rb8 {Position
is at least equal, but...} 23. Qb1 $1 Rxb3 24. axb3 $1 $14 a5 25. Qa2 Nf6 26.
Nf4 Bf8 27. Nd3 Be8 {Black had to play passive unpleasant position.} 28. Bf3
Be7 29. Kg2 Kf8 30. Kf1 {Interesting idea! White joins his K to the struggle!}
Qb8 31. Ke1 Qc7 32. Kd1 $1 Nd7 33. Kc2 Nb8 34. Qa1 Kg8 35. Qa4 Kf8 36. c5 $5 {
[%csl Rc6] Here Black could play} Na6 (36... dxc5 $144 37. Nxc5 Bxc5 38. dxc5
$14) ({I woul prefer} 36... d5 $5 $14 {and it is difficult for White to attack
c6 weakness.}) 37. Qc4 Qb7 38. Na4 dxc5 (38... Qb5 39. cxd6 Bxd6 40. Kb2 $14)
39. Naxc5 Nxc5 40. Nxc5 Qb5 41. Be2 Qxc4+ $2 {This move is mistake! Now a5
weakness will be taken by white K.} (41... Bd6 $142 42. Bd3 Ke7) 42. bxc4 $1 {
[%csl Ra5][%cal Gc2b3,Gb3a4]} Bxc5 ({or} 42... Bd8 43. Nb7 (43. Kb3 Bc7 44. Nb7
$16) 43... Bc7 44. Kb3 Bd7 45. Bf3 $16 {[%csl Ra5][%cal Gc4c5,Gb3a4]}) 43. dxc5
Bd7 44. Kb3 Ke7 45. Ka4 Kd8 46. Kxa5 Kc7 {In this endgame White has advantage,
but how to transform it to the whole point?} 47. Kb4 Kd8 48. Kc3 Ke7 49. Bf3 f6
50. Bg2 Be8 ({Was keep good position now and on the next moves} 50... g5 $1 51.
Kd4 Be8 52. Bh3 (52. f4 gxf4 $1 (52... Bd7 53. fxg5 fxg5 54. Ke5 $18) (52... g4
53. e4 fxe4 54. f5 $1 $18) 53. gxf4 Bd7 54. Bh3 Be6 55. Kc3 Bd7 56. Kb4 Kd8 57.
Ka5 Kc7 $11) (52. e4 fxe4 53. Bxe4 Bd7 54. Ke3 Be8 55. f4 Ke6 56. Kd4 (56. fxg5
fxg5 57. Kd4 Kf6 58. Bf3 Bd7 $44) 56... gxf4 57. gxf4 Ke7 $44) 52... Bg6) 51.
Kd4 Bd7 (51... g5 $1) 52. Bf1 Be8 53. Bd3 Ke6 54. Be2 Ke7 55. Bf1 Bd7 56. Bh3
Be8 57. Kc3 Kd8 58. Bg2 Ke7 59. Bf1 Bd7 60. Bd3 Be8 61. Bc2 Ke6 62. f4 Ke7 (
62... g5 $1) 63. Kd4 Kf7 64. Bd1 Bd7 65. Bf3 Ke7 (65... Ke6 $1 66. e4 fxe4 67.
Bxe4 g5 $44) 66. e4 fxe4 67. Bxe4 Be8 ({Here too late to play} 67... g5 $2 68.
fxg5 fxg5 69. Ke5 $18) 68. g4 Ke6 69. g5 $1 {White creates one more weakness
in the camp of Black!} f5 70. Bf3 (70. Bd5+ $5) 70... Bd7 {[%mdl 4096]} 71.
Bd5+ $1 {This move don't lead to winning position, but Black had to solve a
lot of problems in this complicated endgame.} cxd5 $4 $18 (71... Ke7 $1 72. Ke5
cxd5 73. cxd5 Ba4 $3 (73... Bb5 $4 74. c6 Ba4 75. d6+ Kd8 (75... Kf7 76. Kd5
Ke8 77. Kc5 Kd8 78. Kb6 Bb3 79. c7+ Kc8 80. d7+ Kxd7 81. Kb7 $18) 76. c7+ Kd7
77. Kf6 Bb5 78. Kxg6 Ba6 79. Kxf5 Kxd6 80. g6 Kxc7 81. Ke6 Kd8 82. Kf7 $18 {
One tempo tragedy!}) 74. c6 Bb5 75. d6+ Kd8 (75... Kf7 76. Kd5 Ba4 77. Kc5 Ke6
78. d7 Ke7 79. Kb6 Bxc6 $5 80. Kxc6 Kd8 81. Kc5 $1 Kxd7 82. Kd5 $18) 76. c7+ (
76. Kd5 Kc8 77. Kc5 Bd3 $11) 76... Kd7 77. Kf6 Ba6 78. Kxg6 Kxd6 79. Kxf5 Kxc7
80. Kf6 Kd7 81. f5 Bd3 82. g6 Ke8 $11) 72. cxd5+ Ke7 73. c6 Bc8 74. Kc5 $4 $11
(74. Ke5 $1 {This strong move wins the game:} Ba6 75. d6+ Kf7 76. Kd5 $1 Ke8 $8
77. Ke6 Bc4+ 78. Kf6 Bb5 79. c7 (79. Kxg6 Bxc6 80. Kxf5 (80. Kf6 Bd7 81. g6 Kf8
82. g7+ Kg8 83. Ke7 Ba4 84. d7 Bxd7 85. Kxd7 Kxg7 86. Ke7 Kg8 $11) (80. Kh7 Kd7
81. g6 Kxd6 82. g7 Bd5 83. Kg6 $11) 80... Kd7 (80... Kf7 81. g6+ $18) 81. Ke5
Ba4 82. f5 Bc2 83. g6 Bb1 $11) 79... Kd7 (79... Bd7 80. Kxg6 Kf8 81. Kf6 $18)
80. Kxg6 Ba6 81. Kxf5 Kxd6 82. g6 Kxc7 83. Ke6 Kd8 84. Kf7 Bc4+ 85. Kf8 Kd7 86.
f5 $18) 74... Ke8 $3 {The only move! Now White can't win!} (74... Kd8 $4 75.
Kb6 $22 $18) 75. d6 ({Doesn't help also} 75. Kd6 Kd8 76. Ke5 (76. c7+ Ke8 77.
Ke5 Kd7 78. d6 Kc6 $1 $11) 76... Kc7 $1 77. Kf6 Kd6 78. Kxg6 Kxd5 79. Kf6 Kxc6
$11) 75... Be6 76. Kd4 (76. Kb6 Kd8 77. d7 Bxd7 (77... Bc4 $11) 78. cxd7 Kxd7
79. Kb7 Kd6 80. Kc8 Kd5 81. Kd7 Ke4 82. Ke6 Kxf4 83. Kf6 Ke4 84. Kxg6 f4 85.
Kh7 $11) 76... Kf7 77. Kc5 Ke8 78. Kd4 Kf7 79. d7 Ke7 80. Kc5 Kd8 81. Kd4 Ke7
82. Kc5 Kd8 83. Kd6 Bxd7 84. cxd7 1/2-1/2

[Event "Leon-B"]
[Site "Leon"]
[Date "1996.??.??"]
[Round "5"]
[White "Romero Holmes, Alfonso"]
[Black "Izeta Txabarri, Felix"]
[Result "0-1"]
[WhiteElo "2425"]
[BlackElo "2470"]
[Annotator "Tsesarsky,I"]
[PlyCount "70"]
[EventDate "1996.06.??"]
[EventType "tourn"]
[EventRounds "9"]
[EventCountry "ESP"]
[EventCategory "9"]
[SourceTitle "CBM 054"]
[Source "ChessBase"]
[SourceDate "1996.10.01"]
[SourceVersion "1"]
[SourceVersionDate "1996.10.01"]
[SourceQuality "1"]

1. d4 Nf6 2. Bg5 e6 3. e4 h6 (3... c5 $6 {Stohl/} 4. e5 h6 5. Bc1 Ng8 6. c3 Nc6
7. Nf3 Nge7 8. Bd3 d6 9. exd6 Qxd6 10. O-O Bd7 11. Na3 cxd4 12. Nb5 Qb8 13.
cxd4 (13. Nfxd4 $14) 13... Nd5 14. Nc3 Nf6 15. a3 Be7 16. Re1 O-O 17. Bc2 Qd6
18. g3 Na5 19. Qd3 Rac8 $132 {Fiorito,F-Ricardi,P/ARG-ch/1995/}) 4. Bxf6 Qxf6
5. Nc3 d6 (5... Bb4 6. Qd2 c5 7. a3 Bxc3 8. bxc3 d6 9. f4 O-O 10. Nf3 Nc6 11.
Bb5 Na5 12. Bd3 b6 13. O-O Bb7 14. Rae1 Rac8 15. e5 Qe7 16. f5 dxe5 17. Nxe5
cxd4 18. f6 Qc5 19. Qf4 dxc3+ 20. Rf2 g5 21. Qg4 $40 {Hodgson,J-Yudasin,L/New
York PCA-op/1994/1:0/35/}) (5... g6 6. Qd2 Bg7 7. O-O-O O-O 8. f4 d6 9. Nf3 b6
10. h4 h5 11. e5 Qe7 12. Bd3 Bb7 13. Ne4 Nd7 14. Nfg5 dxe5 15. fxe5 c5 16. c3
cxd4 17. cxd4 Rad8 18. Kb1 Nb8 19. Nd6 Rxd6 20. exd6 Qxd6 21. Be4 Bxe4+ 22.
Nxe4 $14 {Gelfand,B-Rozentalis,E/Tilburg/1992/1:0/58/}) 6. h4 (6. Qd2 g5 (6...
g6 {Stohl/} 7. f4 Bg7 8. O-O-O O-O 9. Nf3 Nd7 10. h4 h5 11. e5 Qe7 12. Ne4 a5
13. Bd3 Bh6 14. Nfg5 f6 15. exf6 Nxf6 16. Nxf6+ Qxf6 17. g3 Bd7 18. Rhe1 Kg7
19. Qc3 Rfc8 20. Ne4 Qe7 21. Kb1 Kh8 22. Ng5 Qf6 23. d5 $1 $36) 7. O-O-O (7. h4
{Stohl} Bg7 8. hxg5 hxg5 9. Rxh8+ Bxh8 10. O-O-O Nc6 (10... Bd7 11. Nf3 Nc6 12.
d5 Nb4 {/\Na2!/} 13. Bc4 b5 14. e5 Qf4 15. Qxf4 gxf4 16. Nxb5 Bxb5 17. Bxb5+
Ke7 18. dxe6 fxe6 19. exd6+ cxd6 20. c3 Nxa2+ 21. Kc2 Rc8 22. Ra1 Nb4+ 23. Kd2
$14 {Lputian,S-Tukmakov,V/Tilburg 20'/1994/}) 11. Bb5 Bd7 12. Nge2 O-O-O 13.
Qe3 Kb8 14. f3 Bg7 15. g4 Rh8 16. Ng3 Qf4 17. Qxf4 gxf4 18. Bxc6 fxg3 19. Bxd7
Bh6+ 20. Kb1 Be3 21. Ne2 g2 22. Ba4 Bxd4 $1 23. c3 Be3 24. Kc2 $10 Rh1 $10)
7... Bg7 8. g3 (8. Nf3 Nc6 9. Bb5 Bd7 $13) (8. e5 dxe5 9. dxe5 Qe7 10. f4 Nc6 (
10... gxf4 11. Nf3 Nc6 12. Qxf4 Bd7 13. Ne4 O-O-O 14. a3 Nb8 15. Bc4 Bc6 16.
Rde1 Nd7 17. Rhf1 Rhf8 18. Ned2 Nb6 19. Nd4 Bd5 20. Bxd5 Rxd5 21. c4 Rd7 22.
N4b3 f5 $5 $132) 11. Nf3 Bd7 12. h4 gxf4 13. Qxf4 O-O-O 14. Ne4 Nb8 $1 15. Be2
Bc6 16. Nf6 Nd7 17. Nh5 Bxf3 18. Bxf3 Bxe5 19. Qe4 c6 20. Rxd7 Bxb2+ 21. Kxb2
Rxd7 $17 {Adams,M-Karpov,A/Las Palmas/1994/}) (8. Kb1 Nc6 9. Bb5 Bd7 10. e5 $6
dxe5 11. d5 exd5 12. Nxd5 Qd6 13. Qc3 O-O 14. Ne2 Nd4 15. Qxc7 Qxc7 16. Nxc7
Rad8 17. Nxd4 exd4 18. Bxd7 Rxd7 19. Nb5 a6 20. Nc3 Re7 21. Nd5 Re2 22. h4 Rc8
$36) 8... Nc6 9. Bb5 Bd7 10. Nge2) (6. Nf3 a6 (6... Bd7 7. Qd2 Nc6 8. O-O-O
O-O-O 9. Bb5 g5 10. d5 Nb8 11. Kb1 Bg7 12. e5 dxe5 13. Ne4 Qe7 14. d6 Bxb5 15.
dxe7 Rxd2 16. Rxd2 Nd7 17. Rhd1 b6 18. c4 Bc6 19. Nc3 a6 20. b4 Re8 21. b5 axb5
22. cxb5 Bxf3 23. gxf3 Rxe7 24. a4 f5 25. Na2 Bf8 {Hracek,Z-Dokhoian,Y/BL 9495/
1994/0,5/25/}) 7. Bd3 Nc6 8. O-O Bd7 9. e5 dxe5 10. Ne4 Qf4 11. g3 Qg4 12. dxe5
Nb4 13. Kg2 Nxd3 14. cxd3 Bc6 15. Qe2 Bd5 16. Rac1 c6 17. Nc3 Bxf3+ 18. Qxf3
Qxf3+ 19. Kxf3 $10) 6... e5 7. d5 h5 (7... Nd7 $5) 8. Qe2 g6 9. O-O-O Bh6+ 10.
Kb1 a6 11. g3 b5 12. Bh3 Nd7 13. Rf1 (13. Qf3 $5) 13... b4 14. Nd1 a5 15. Qf3 (
15. Qb5 $6 O-O 16. f3 $15 (16. Bxd7 Ba6)) 15... Qxf3 16. Nxf3 Nc5 17. Bxc8 Rxc8
18. Re1 $8 O-O 19. Nh2 f5 20. exf5 Rxf5 21. f3 (21. g4 $6 Rf4 22. gxh5 gxh5 23.
Nf1 Ne4 24. Re2 Rcf8 $15) 21... Rcf8 22. Re2 Kh7 23. Rhe1 R8f7 24. Rg1 R5f6 25.
Nf2 $140 Rxf3 $5 26. Nxf3 Rxf3 27. Nh3 $6 (27. Ne4 $5 Nxe4 28. Rxe4 Be3 29. Re1
Bd4 $44) 27... e4 28. Rf2 (28. Rge1 Rxg3 29. Nf2 e3 30. Nd1 Rh3 31. Nxe3 Rxh4
$44) 28... Be3 $1 29. Rfg2 (29. Ng5+ Bxg5 30. Rxf3 exf3 31. hxg5 Ne4 $17) (29.
Rff1 Bxg1 30. Ng5+ Kh6 31. Nxf3 exf3 32. Rxg1 Ne4) 29... Bxg1 30. Ng5+ Kg7 31.
Nxf3 exf3 32. Rxg1 Ne4 33. Kc1 f2 34. Rf1 Kf6 35. c4 Kf5 0-1

[Event "BCF-chT 0102 (4NCL)"]
[Site "Birmingham"]
[Date "2002.05.06"]
[Round "11.1"]
[White "Wells, Peter K"]
[Black "Nunn, John DM"]
[Result "0-1"]
[WhiteElo "2499"]
[BlackElo "2595"]
[Annotator "Tsesarsky,I"]
[PlyCount "78"]
[EventDate "2001.09.22"]
[EventType "team"]
[EventRounds "11"]
[EventCountry "ENG"]
[SourceTitle "CBM 089"]
[Source "ChessBase"]
[SourceDate "2002.08.12"]
[SourceVersion "1"]
[SourceVersionDate "2002.08.12"]
[SourceQuality "1"]
[WhiteTeam "Slough"]
[BlackTeam "Beeson Gregory"]
[WhiteTeamCountry "ENG"]
[BlackTeamCountry "ENG"]

1. d4 {McShane} Nf6 2. Bg5 Ne4 (2... c5 3. d5 Ne4 4. Bf4 Qb6 5. Bc1 e6 6. f3
Nf6 7. c4 g6 {This position can be created through various move orders. See
comments to 4.f3 move and to 8...ed5. - see below.} 8. Nc3 Bg7 9. g4 $132 {
1-0 Van der Wiel,J-Ribli,Z/Novi Sad 1982/MCD (49)}) 3. Bf4 c5 4. f3 (4. d5 Qb6
5. Bc1 e6 6. f3 Nf6 7. c4 g6 (7... exd5 8. cxd5 d6 9. Nc3 g6 10. e4 Bg7 11.
Bb5+ Nbd7 12. a4 O-O $132 {0-1 Groffen,H-Rogers,I/Holland 1996/EXT 2000 (28)})
(7... Qb4+ {This position also can be created through various move orders. See
comments to 8...ed5. below.} 8. Bd2 Qxc4 9. e4 Qd4 10. Nc3 exd5 11. Nge2 Qe5
12. Bf4 Qe6 13. exd5 Qb6 14. Ng3 d6 15. Bb5+ Bd7 16. Qe2+ Kd8 17. O-O-O $14 {
1-0 Thinnsen,J-Nakamura,H/Kona 1998/EXT 99 (35)}) (7... Be7 8. e4 d6 9. Nc3 O-O
10. Be2 exd5 11. cxd5 Ne8 12. f4 Bf6 13. Nf3 Bg4 14. Nd2 Bxe2 15. Qxe2 Nd7 16.
O-O Bd4+ 17. Kh1 Nef6 18. g4 Rfe8 $17 {[%cal Ge8e2] ... 0-1 Stefanova,
A-Chabanon,J/Sitges 1999/EXT 2000 (28)}) 8. e4 (8. Nc3 d6 9. e4 Bg7 10. Qb3 Qd8
11. Qb5+ Nfd7 12. Bf4 a6 13. Qb3 Ne5 $132 {0-1 Vnuk,I-Zakharevich,I/Tula 1999/
EXT 2000 (34)}) 8... Bg7 9. Bd3 d6 10. Ne2 O-O 11. Nec3 exd5 12. cxd5 Nbd7 {
If we had compared this position with regular Indian variations positions,
we'll realize, that this position is in Black's favour!} 13. Na3 Ne5 14. Be2 a6
15. f4 Ned7 16. Nc4 Qc7 17. a4 Re8 18. Qc2 Rb8 19. a5 b5 20. axb6 Nxb6 21. Ne3
Qe7 22. Bf3 Nxe4 $17 {0-1 Krechetov,A-Mirumian,V/Moscow 1995/EXT 2000 (39)})
4... Qa5+ (4... Nf6 5. d5 Qb6 6. Bc1 e6 7. c4 Bd6 $1 {Can be recommended! This
move's idea is to develop the dark-squared B through d6-e5 before Black will
close the center by d7-d6. This position also can be a result of various move
orders.} (7... exd5 8. cxd5 d6 9. Nc3 g6 10. Bg5 (10. e4 {-normal continuation.
}) 10... Bg7 11. Qd2 O-O 12. e4 Re8 13. Nge2 Nbd7 14. Nc1 h6 15. Be3 Kh7 16.
Be2 a6 17. a4 Qc7 18. Nd3 Rb8 $132 {1-0 Landgren,P-Vovk,O/Espoo 2000/EXT 2001 
(33)}) 8. Nc3 O-O 9. e4 Re8 10. Kf2 Be5 11. g3 exd5 12. exd5 d6 13. Kg2 a6 14.
Bd3 Bxc3 {R.Knaak's idea - see below reference to the game 1/2-1/2 Knaak,
R-Wells,P/Germany 1998/GER-chT[Knaak,R] (44)} 15. bxc3 $15 {0-1 Schmidt,
B-Nenashev,A/Bad Wiessee 2000/EXT 2001 (31)}) 5. c3 Nf6 6. d5 Qb6 7. Bc1 (7.
Qd2 $2 {McShane} Nxd5 $1 {is good for Black, while practice has shown that}) (
7. b3 {McShane: weakens the dark squares on the queenside.}) 7... e6 8. c4 exd5
(8... Qa5+ 9. Bd2 Qc7 10. Nc3 Bd6 11. e4 a6 12. Bd3 exd5 13. exd5 O-O 14. Nge2
Re8 15. a4 Bxh2 16. Qc2 g6 17. O-O-O Bd6 18. g4 $40 {1-0 Orr,M-McShane,L/
Kilkenny 1997/CBM 61 ext (24)}) (8... g6 9. e4 d6 10. Nc3 e5 11. Rb1 Bg7 $14 {
1/2-1/2 Lindberg,B-Llobel Cortell,E/Oropesa del Mar 2000/EXT 2001 (37)}) (8...
Qb4+ $5 {Very interesting sharp continuation! White has to sacrifice P, but
his development allows him to organize a strong attack. White is obliged to be
ready for this venture! This position also can be a result of various move
orders.} 9. Nc3 (9. Bd2 Qxb2 (9... Qxc4 10. e4 Qd4 11. Nc3 exd5 12. Nge2 Qe5
13. Bf4 Qe6 14. exd5 Qb6 15. d6 $14 {1-0 Pixton,A-Yefimenko,Z/Oropesa del Mar
ESP 2001/The Week in Chess (22)}) 10. Nc3 Qb6 11. e4 e5 {[%cal Gd7d6]} 12. Rb1
Qd8 $15) 9... Qxc4 10. e4 Qb4 11. Bd2 Qb6 12. Bc4 d6 13. Nge2 Be7 {-see
comments to the game 0-1 Agdestein,S-Bacrot,E/Germany 2001/CBM 82_01
[Kazhgaleyev,M] (52)} (13... e5 14. f4 Nbd7 15. O-O a6 16. Ng3 exf4 (16... Qd8
17. a4 g6 18. Ra3 Bh6 19. f5 Bxd2 20. Qxd2 $15 {0-1 Dunworth,C-Borriss,M/
Panormo GRE 2001/The Week in Chess 360 (38)}) 17. Bxf4 g6 18. e5 dxe5 19. Bg5
Bg7 20. d6 O-O 21. Nd5 Nxd5 22. Rxf7 N5f6 (22... Qxb2 23. Qxd5 $18 {1-0 Wells,
P-Borriss,M/Fuerstenfeld AUT 2001/The Week in Chess 337 (30)}) (22... Kh8 23.
Qxd5 $18) 23. Rxf6+ Kh8 24. Rxf8+ Nxf8 25. Ne4 $44)) (8... Bd6 $1 {This
position can be a result of various move orders too.} 9. Nc3 (9. e4 Be5 $1 (
9... Qc7 10. Ne2 exd5 11. exd5 O-O 12. Nbc3 a6 13. Bg5 Re8 14. Bxf6 gxf6 15.
Qd3 b5 16. O-O-O $14 {1-0 Kanep,M-Jobava,B/Oropesa del Mar 2000/EXT 2001 (32)})
) 9... O-O 10. e4 Be5 11. Bd3 Bxc3+ {-see comments to the game 1/2-1/2 Knaak,
R-Wells,P/Germany 1998/GER-chT[Knaak,R] (44)}) 9. cxd5 d6 ({Here} 9... Bd6 {
is also possible, like in position with PP c4 and e6.} 10. Nc3 Be5 11. e4 (11.
e3 O-O $132 {1/2-1/2 Rippis,T-Weeks,M/Sydney 1999/EXT 2001 (39)}) 11... O-O 12.
Nge2 d6 13. Na4 {[%csl Re5][%cal Gf3f4]} Qa5+ 14. Bd2 Qd8 15. Qc2 (15. f4 Bd4
16. Nxd4 cxd4 17. Bd3 Re8 $17 {[%csl Rd5,Re4]}) 15... Re8 {[%csl Re4][%cal
Ge8e4]} 16. Nac3 Qe7 $132) 10. e4 {McShane: 'A Benoni structure has been
reached, where White's control of the centre compensates for his lack of
development.'} (10. Nc3 g6 11. Bg5 Bg7 12. Qd2 O-O 13. e4 Re8 14. h4 h5 15. Be2
a6 16. Nh3 Bxh3 17. Rxh3 Nbd7 18. Kf1 Qc7 $132 {0-1 Kanep,M-Volokitin,A/
Oropesa del Mar 2000/EXT 2001 (41)}) 10... g6 {This position belongs to the
Indian opening, with a small difference: The black Q is placed on b6 instead
of d8.} 11. Na3 $5 {[%cal Ga3c4,Gc4b6] White N will jump to c4 square with
tempo!  McShane: 'Not specifically to attack the queen, which is badly placed
on b6 anyway (Black often aims for play with b7-b5 in this structure), but the
knight will be strong on c4.'} (11. Nc3 {- normal Indian continuation. Qb6 is
not so important.}) 11... Nbd7 12. Nc4 Qc7 13. a4 Nb6 14. Na3 {White has space
advantage and should avoid piece exchanges.  McShane: 'Hasn't White wasted
enough time already? Perhaps, but it's not so clear cut, as White hopes that
Black will remain cramped with too many pieces on the board.'} Bd7 15. a5 Nc8
16. Nb5 Qb8 17. Bg5 Bg7 18. e5 $5 {White wasn't obliged to sacrifice P. '?!'
McShane.} ({It was possible to play normally:} 18. Bd3 h6 19. Be3 O-O 20. Qd2
a6 21. Nc3 Kh7 22. Nge2 Na7 $14 {[%cal Ga7b5]}) (18. Bd3 {McShane followed by
completing the kingside development looks wiser.}) 18... dxe5 19. d6 {[%cal
Gb5c7]} O-O $6 $14 ({Better seems} 19... Bxb5 $142 20. Bxb5+ Kf8 21. d7 (21.
Be3 Kg8 22. Bxc5 Bf8 23. d7 Nxd7 24. Be3 Nf6 25. Ne2 $15) 21... Ne7 (21... Nd6
22. a6 Qc7 23. axb7 Rb8 24. Qa4 Nxb5 25. Qxb5 Nxd7 26. Rxa7 $132) 22. Ne2 $44)
20. Nc7 {McShane: 'White has won an exchange, but at what cost? The d6 pawn
will drop off soon, so the material gain is insignificant, and meanwhile
White's centre has crumbled, and he lags even further in development.'} Ne8 21.
Nxa8 Nexd6 22. Ne2 $2 $15 ({Right was} 22. Qc1 {[%csl Rc5][%cal Gc1c5]} Qxa8 (
22... c4 23. Bxc4 Nxc4 24. Qxc4 Qxa8 25. Ne2 $14) 23. Qxc5 $14) 22... Be6 $1 (
22... Qxa8 23. Be7 Nxe7 24. Qxd6 {[%csl Rc5,Rd7,Re7]} Qe8 25. Qxc5 Nc6 26. Nc3
Nd4 27. Rd1 Qd8 {[%cal Gd8h4]} 28. Qxa7 Qh4+ 29. g3 Qf6 30. Bg2 Nxf3+ 31. Bxf3
Qxf3 32. Rf1 Qc6 $13) 23. Nc3 Qxa8 24. Be3 $6 $17 {Bg5 was allocated well: d8
and e7 squares were controlled. Better was to wait for Bg5 repelling by h7-h6.}
(24. Nd5 $142 Qb8 25. Rc1 b6 $15) 24... c4 25. Bc5 (25. Ra4 Qb8 $17) 25... Qb8
26. Ne4 Nxe4 ({Or} 26... Rd8 $17) 27. fxe4 (27. Bxf8 {McShane} Bxf8 28. fxe4
Bb4+ 29. Kf2 Nd6 {and Black's minor pieces are extremely strong.}) 27... Re8
28. Qa4 {[%csl Rc4]} Rd8 29. Bxc4 Qc7 {'!' McShane.} 30. Bxe6 Qxc5 31. Bd5 $6
$19 {[%csl Re1]} ({Maybe more stubborn was} 31. Bxf7+ Kxf7 32. Qb3+ Ke7 $17)
31... Qe3+ 32. Kf1 (32. Kd1 {McShane} Ne7 {is no better.}) 32... Ne7 {White K
remains in the centre, Rh1 can't take active part in the game, so the position
of White is strategically lost.} (32... Rd6 $4 {McShane} 33. Qe8+ {wins for
White!}) 33. Qa3 (33. Rd1 {McShane} Nxd5 34. Rxd5 (34. exd5 {McShane} Rd6 $1 {
does work now} 35. g3 Qf3+ 36. Kg1 Rf6 37. Qc2 Bh6 {wins easily}) 34... Rc8 {
with an overwhelming attack for Black.}) 33... Nxd5 34. exd5 Qf4+ 35. Ke2 (35.
Qf3 Qc4+ 36. Qe2 Qxd5 $19 {[%csl Rf1,Rh1]}) 35... Qe4+ 36. Kf2 Rc8 (36... Rxd5
$19) 37. Qf3 (37. Rac1 {McShane} Rxc1 38. Rxc1 Qf4+ $18) 37... Qd4+ 38. Kg3 (
38. Ke1 Qxb2 39. Rd1 Rc1 40. Rxc1 Qxc1+ 41. Qd1 Qe3+ 42. Kf1 Bf8 (42... e4 43.
g3 $17) 43. g3 Qe4 44. Rg1 Bc5 45. d6 Qc4+ 46. Kg2 Qa2+ 47. Kh3 Bxg1 48. Qxg1
Qxa5 $19) 38... e4 39. Qe2 Rc2 $1 (39... Rc2 40. Qxc2 (40. Qe1 Qd3+ $19) 40...
Qe3+ $19 41. Kg4 h5+ 42. Kh4 Bf6#) 0-1